Name the Mountain - Statistics

General Stats
  • This quiz has been taken 13 times
  • The average score is 5 of 16
Answer Stats
Picture Answer % Correct
Mount Everest
100%
Mount Fuji
100%
Mount Kilimanjaro
85%
Mount Elbrus
54%
Aconcagua
38%
Table Mountain
31%
Ben Nevis
23%
Mauna Kea
23%
Mount Kailash
15%
Mount Sinai
15%
Eyjafjallajökull
8%
Mount Washington
8%
Puncak Jaya
8%
Mount Erebus
0%
Mount Thor
0%
Popocatépetl
0%
No matching quizzes found
Score Distribution
Percent of People with Each Score
Percentile by Number Answered
Your Score History
You have not taken this quiz